000
00264nam a2200121Ia 4500
100
_a
Chatterjee Satya Saran
942
_c
BK
654
_a
Management
245
_a
An Intrd . to Management
260
_b
world Press Pvt
_c
2001
082
_a
658
546
_a
ENGLISH
999
_c
30647
_d
30647